|
|
|
|
| LEADER |
00000nam a22000007a 4500 |
| 005 |
20180428231146.0 |
| 007 |
cr|||| |||| |
| 008 |
180428s2017 co |||||s|||| 00||0 spa d |
| 020 |
|
|
|a 978-958-771-448-7
|
| 035 |
|
|
|a 21538
|
| 040 |
|
|
|a vLex
|
| 090 |
|
|
|c 7837
|d 7837
|
| 100 |
1 |
|
|a Buchieri, Flavio E.
|
| 245 |
1 |
0 |
|a Macroeconoma̕
|h [Recurso electrn̤ico] :
|b un enfoque latinoamericano /
|c Flavio E. Buchieri, Nštor R. Perticarari, Toms̀ Mancha Navarro, Alejandro D. Pereyra
|
| 256 |
|
|
|a Servicio en ln̕ea
|
| 260 |
|
|
|a Bogot:̀
|b ECOE,
|c 2017
|
| 300 |
|
|
|a 1 recurso electrn̤ico
|
| 506 |
1 |
|
|a Disponible solo en los productos indicados
|d vLex Global
|d vLex Global (Academic Edition, excluding Law Schools)
|d vLex Global (U.S. Academic Edition, Law Schools)
|d vLex Global (U.S. Academic Edition, excluding Law Schools)
|d vLex Global (Academic Edition, Law Schools)
|
| 650 |
0 |
4 |
|a Derecho Fiscal
|z Colombia
|
| 700 |
1 |
|
|a Perticarari, Nštor R.
|
| 700 |
1 |
|
|a Mancha Navarro, Toms̀
|
| 700 |
1 |
|
|a Pereyra, Alejandro D.
|
| 740 |
0 |
|
|a vLex Libros (Servicio en ln̕ea)
|
| 856 |
4 |
0 |
|u http://vlex.com/source/macroeconomia-enfoque-latinoamericano-21538
|z Acceso restringido
|
| 942 |
|
|
|c BOOK
|
| 999 |
0 |
|
|a Tax Law
|